Coordinación de la asistencia externa para la educación en América Latina y el Caribe
সংরক্ষণ করুন:
| প্রধান লেখক: | |
|---|---|
| বিন্যাস: | গ্রন্থ |
| ভাষা: | স্প্যানিশ |
| প্রকাশিত: |
Santiago
Unesco
1996
|
| বিষয়গুলি: | |
| ট্যাগগুলো: |
ট্যাগ যুক্ত করুন
কোনো ট্যাগ নেই, প্রথমজন হিসাবে ট্যাগ করুন!
|
MARC
| LEADER | 00000nam a2200000 a 4500 | ||
|---|---|---|---|
| 001 | UCM9689 | ||
| 003 | CL-VaPUC | ||
| 008 | 030509e19960000CL |||||||||||||||||spa|d | ||
| 082 | 0 | 4 | |a 379.129 |b MCM |2 21 |
| 100 | |a McMeekin, Robert |e autor |9 476227 | ||
| 245 | 1 | 0 | |a Coordinación de la asistencia externa para la educación en América Latina y el Caribe |
| 300 | |a 68 p | ||
| 942 | |c BK | ||
| 945 | |d 20030509 00:00:00 |a cmena | ||
| 260 | |a Santiago |b Unesco |c 1996 | ||
| 650 | 0 | |a Educación |9 258661 | |
| 650 | 7 | |a AYUDA FINANCIERA |2 CL-VaPUC |9 476228 | |
| 650 | 0 | |a Cooperación internacional |9 255447 | |
| 650 | 7 | |a REDES DE AYUDA |2 CL-VaPUC |9 476229 | |
| 583 | |a last modification |c 20030509 00:00:00 |k Rodrigo Vera | ||
| 999 | |c 303832 |d 303830 | ||
| 952 | |0 0 |1 0 |4 0 |6 379_129000000000000_MCM_1996 |7 0 |8 A |9 365402 |a BIBEDU |b BIBEDU |d 2019-11-21 |i 3902390 |o 379.129 MCM 1996 |p 3902390 |r 2019-11-21 |w 2019-11-21 |y BK |k BME | ||